000 02956nam a22003615i 4500
001 978-3-658-34273-9
003 DE-He213
005 20250131131459.0
007 cr nn 008mamaa
008 221102s2023 gw | s |||| 0|eng d
020 _a9783658342739
_9978-3-658-34273-9
024 7 _a10.1007/978-3-658-34273-9
_2doi
040 _aKO
_beng
041 0 _aeng
082 0 4 _a621
_223
100 1 _aWitthohn, Ralf.
_eauthor.
_4aut
_4http://id.loc.gov/vocabulary/relators/aut
245 1 0 _aInternational Shipping
_h[electronic resource] :
_bThe Role of Sea Transport in the Global Economy /
_cby Ralf Witthohn.
250 _a1st ed. 2023.
264 1 _aWiesbaden :
_bSpringer Fachmedien Wiesbaden :
_bImprint: Springer,
_c2023.
300 _aLXXIII, 758 p. 1 illus.
_bonline resource.
338 _aonline resource
505 0 _aTransport by sea -- Work at sea -- Recreation, travel and rescue at sea.
520 _aBased on thoroughly researched texts and rare photos this book describes the actual developments of international shipping and all the facets connected to overseas good flows. Main source for the deep reaching insight into the maritime industry are authentic reports carried out at the focusses of the shipping scene. By explaining the design und purpose of nowadays ship types, the different ways of cargo handling as well as the activities of shipowners and operators is painted a representative and rich-illustrated picture of the actual maritime scene. The reader learns how tricky it is to transport gas turbines from their Berlin production site to a Turkish power plant, how to deliver converter platforms to offshore wind farms or to ship natural gas cargoes from Qatar to Japan. The deployment of emergency tugs, rescue and hospital ships are just as much a topic as the supposed sunny sides of shipping on luxury liners and mega yachts. By precise descriptions, expressive photos and technical drawings the design solutions found by naval architects are presented, as well as the ships' routes are traced and severe accidents examined. The contents Transport by sea - Work at sea - Recreation, travel and rescue at sea. The target groups - Employees in the general economy - Employees in the shipping industry, seafarers, port employees, shipbuilders - Shipping companies, authorities, classification societies - Interested laypersons The author Ralf Witthohn has become one of the leading experts on shipbuilding, shipping and ports in the past decades after working in project planning, design and construction of ships as well as through the publication of books and numerous articles in international maritime journals.
650 0 _aMechanical engineering.
650 0 _aProduction management.
650 1 4 _aMechanical Engineering.
650 2 4 _aOperations Management.
856 4 0 _uhttps://doi.org/10.1007/978-3-658-34273-9
904 _aRUDRA_R
905 _aR_RANJAN
942 _2ddc
_cEB
999 _c3191
_d3191